Молот ведьм / (Record no. 366725)
[ view plain ]
| 000 -LEADER | |
|---|---|
| fixed length control field | 01001nam a2200265 a 4500 |
| 001 - CONTROL NUMBER | |
| control field | 001143910 |
| 003 - CONTROL NUMBER IDENTIFIER | |
| control field | AM-YeHGA |
| 005 - DATE AND TIME OF LATEST TRANSACTION | |
| control field | 20250617152222.0 |
| 008 - FIXED-LENGTH DATA ELEMENTS--GENERAL INFORMATION | |
| fixed length control field | 160425s1932 ru 000 0 rus d |
| 040 ## - CATALOGING SOURCE | |
| Original cataloging agency | AM-YeHGA |
| 041 0# - LANGUAGE CODE | |
| Language code of text/sound track or separate title | rus |
| 090 ## - LOCALLY ASSIGNED LC-TYPE CALL NUMBER (OCLC); LOCAL CALL NUMBER (RLIN) | |
| -- | 368591 |
| 100 1# - MAIN ENTRY--PERSONAL NAME | |
| Personal name | Шпренгер, Я. |
| 245 10 - TITLE STATEMENT | |
| Title | Молот ведьм / |
| Statement of responsibility, etc. | Монахи Я. Шпренгер и Г. Инститорис; Пер. с лат. Н. Цветкова; С предисл. С.Г. Лозинского, М.П. Баскина. |
| 260 ## - PUBLICATION, DISTRIBUTION, ETC. | |
| Place of publication, distribution, etc. | Москва : |
| Name of publisher, distributor, etc. | Атеист, |
| Date of publication, distribution, etc. | 1932. |
| 300 ## - PHYSICAL DESCRIPTION | |
| Extent | 297, [2] с. |
| 440 #0 - SERIES STATEMENT/ADDED ENTRY--TITLE | |
| Title | Религия—дурман для народа |
| 650 14 - SUBJECT ADDED ENTRY--TOPICAL TERM | |
| Topical term or geographic name entry element | Ведовство |
| 653 0# - INDEX TERM--UNCONTROLLED | |
| Uncontrolled term | Инквизиция |
| 700 1# - ADDED ENTRY--PERSONAL NAME | |
| Personal name | Инститорис, Г. |
| 700 1# - ADDED ENTRY--PERSONAL NAME | |
| Personal name | Цветков, Н. |
| Relator term | пер. |
| Relationship | trl |
| 700 1# - ADDED ENTRY--PERSONAL NAME | |
| Personal name | Лозинский, Самуил Горациевич |
| Relator term | авт. предисл. |
| Relationship | aui |
| 700 1# - ADDED ENTRY--PERSONAL NAME | |
| Personal name | Баскин, М.П. |
| Relator term | авт. предисл. |
| Relationship | aui |
| 942 00 - ADDED ENTRY ELEMENTS (KOHA) | |
| Koha issues (borrowed), all copies | 2 |
| Withdrawn status | Lost status | Damaged status | Not for loan | Collection | Home library | Current library | Date acquired | Total checkouts | Full call number | Barcode | Date last seen | Date last checked out | Price effective from | Koha item type | Public note |
|---|---|---|---|---|---|---|---|---|---|---|---|---|---|---|---|
| General | Fundamental Scientific Library | Fundamental Scientific Library | 11/01/2017 | 2 | PIII/49392 | FL0395524 | 11/02/2025 | 11/02/2025 | 11/01/2017 | Գրքեր / Books | 30 Days Loan |
ՀՀ Գիտությունների ազգային ակադեմիայի հիմնարար գիտական գրադարան = Fundamental Scientific Library of NAS RA
All site content, except where otherwise noted, is licensed under a